Tìm hiểu chế độ kế toán doanh nghiệp ( Theo QĐ số: 167/2000/QĐ-BTC, ngày 25/10/2000 ) của Bộ trưởng Bộ Tài chính
Zapisane w:
| 1. autor: | |
|---|---|
| Format: | Książka |
| Język: | Undetermined |
| Wydane: |
Hà Nội
Thống Kê
2001
|
| Hasła przedmiotowe: | |
| Etykiety: |
Dodaj etykietę
Nie ma etykietki, Dołącz pierwszą etykiete!
|
| Thư viện lưu trữ: | Trung tâm Học liệu Trường Đại học Cần Thơ |
|---|
| LEADER | 00661nam a2200193Ia 4500 | ||
|---|---|---|---|
| 001 | CTU_43665 | ||
| 008 | 210402s9999 xx 000 0 und d | ||
| 020 | |c 52000 | ||
| 082 | |a 657 | ||
| 082 | |b N104 | ||
| 100 | |a Trần, Văn Nam | ||
| 245 | 0 | |a Tìm hiểu chế độ kế toán doanh nghiệp ( Theo QĐ số: 167/2000/QĐ-BTC, ngày 25/10/2000 ) của Bộ trưởng Bộ Tài chính | |
| 245 | 0 | |c Trần Văn Nam, Nguyễn Xuân Long | |
| 260 | |a Hà Nội | ||
| 260 | |b Thống Kê | ||
| 260 | |c 2001 | ||
| 650 | |a Accounting | ||
| 904 | |i Minh, 011002 | ||
| 980 | |a Trung tâm Học liệu Trường Đại học Cần Thơ | ||